| 000 | 01157ny a22002893n 4500 | ||
|---|---|---|---|
| 005 | 20240305165331.0 | ||
| 008 | 080214c19959999sp zr s 000 a0cat c | ||
| 022 | _a0210-427X | ||
| 035 | _a500 | ||
| 040 |
_aUMA.RE _dvlex |
||
| 080 | _a347.961(051) | ||
| 090 |
_c1460 _d1460 |
||
| 245 | 0 | 3 |
_aLa notaría _h[Recurso electrónico] _b(desde 1995) |
| 256 | _aServicio en línea | ||
| 260 |
_aBarcelona : _bCollegi de Notaris de Catalunya |
||
| 310 | _a9 ó 10 núms. al año | ||
| 506 | 1 |
_aContenido solo disponible en los productos indicados _dvLex Global _dvLex Global (Academic Edition, excluding Law Schools) _dvLex Global (U.S. Academic Edition, Law Schools) _dvLex Global (U.S. Academic Edition, excluding Law Schools) _dvLex Global (Academic Edition, Law Schools) |
|
| 650 | 0 | 7 |
_aNotario _2Tesauro vLex |
| 650 | 0 | 7 |
_2Tesauro vLex _aCivil |
| 650 | 0 | 7 |
_2Tesauro vLex _aRegistro y Notaría |
| 650 | 0 | 7 |
_2Tesauro vLex _aDerecho registral |
| 710 | 2 | _aCollegi de Notaris de Catalunya | |
| 740 | 0 | _avLex Revista (Servicios en línea) | |
| 853 |
_81 _i(year) _j(month) _k(day) |
||
| 856 | 4 | 0 | _uhttps://app.vlex.com/#/sources/notaria-500 |
| 942 | _cRAA | ||
| 999 |
_c159930 _d159930 |
||